00859nam a2200193Ia 4500003000400000005001700004008004100021020002200062041000800084082002200092100004400114245007400158260005200232300000900284942001200293999001900305952016400324952017700488OSt20240829142237.0230519s9999 xx 000 0 und d a978-81-947276-3-7 aeng aPY/150/MAH/DB0966 aMaheshwari S K & Kaur Amanpreet9180187 aTextbook of Applied Psychology for Nursing and Allied Health Sciences bVision Health Sciences PublishersaPunjabc2021 a296p 2ddccDB c159550d159550 001040708PYaBTINbBTINd2022-11-30g495.00i55l19m7oPY 150 MAH DB1062pBTIN-DB-1062q2026-04-07r2026-03-20 16:22:22s2026-03-20w2022-04-16yDBzDB1062 00102ddc4070aBTINbBTINd2024-08-08g550.00iIK#2024-25#129l19m5oPY 150 MAH DB1287pBTIN-DB-1287q2026-04-07r2026-03-27 14:35:06s2026-03-27w2024-08-08yDBzDB1287